History Quiz: Geography #2 - Statistics

General Stats
  • This quiz has been taken 77 times
    37 since last reset
  • The average score is 7 of 15
Answer Stats
Question Answer % Correct
Where was the epicentre of the most powerful earthquake ever recorded located? Chile
69%
A haven of Carribean piracy in the 17th century, Tortuga is today part of which country? Haiti
69%
Which of these controlled Cyprus in 1490? Republic of Venice
69%
What name is given to the area of land that once connected Britain to continental Europe? Doggerland
62%
Which of these had the largest population? Mughal Empire, 1700
62%
During the War of the Pacific, which country was Bolivia allied with? Peru
62%
Within which modern day country is the city known to the Ancient Greeks as Bactra located? Afghanistan
54%
How was the Aztec Empire initially organised? An alliance of three city-states with hegemony over other cities
54%
Hanno the Navigator was a Carthaginian explorer who sailed along the coast of where? Western Africa
54%
Which of these became a US state most recently? California
38%
Which of these ancient Greek cities was not located in the Peloponnese? Thebes
38%
Which of these has never been the capital of an empire? Ulaanbaatar
38%
During which decade was ownership of Uluru returned to the Pitjantjatjara people? 1980s
31%
Which of these nations did not control a concession territory in Tianjin? Netherlands
31%
Which of these ancient Egyptian cities was located in what is now Sudan? Napata
15%
No matching quizzes found
Score Distribution
Percent of People with Each Score
Percentile by Number Answered
Your Score History
You have not taken this quiz since the last reset